000 00339pab a2200145 454500
008 180718b1985 xxu||||| |||| 00| 0 eng d
100 _aRaghavan, S.V.
245 _aSteel at cross roads
260 _c1985
300 _a35-7
362 _a10 Aug.
650 _aSteel Industry and Trade - India
773 _aMainstream
909 _a18538
999 _c18538
_d18538